Cuento de Nochebuena. Primera impresión /

Guardado en:
Autor Principal: Darío, Rubén.
Otros Autores: Viola, Liliana; pról., Rep; il.
Formato: Libro
Idioma:Undetermined
Publicado: Avellaneda : Página/12, 2002.
Series:Los grandes para los chicos ; 22
Materias:
Etiquetas: Agregar Etiqueta
Sin Etiquetas, Sea el primero en etiquetar este registro!
LEADER 00710nam a22002055a 4500
001 CEM.cems021224
008 240613s2002####xx############000#0#und#d
005 20240613183717.0
245 1 0 |a Cuento de Nochebuena. Primera impresión /  |c Rubén Darío ; prólogo por Liliana Viola ; ilustrado por Rep. 
260 |a Avellaneda :  |b Página/12,  |c 2002. 
300 |a 32 p. 
490 1 |a Los grandes para los chicos ;  |v 22 
500 |a Incluye biografía del autor. 
020 |a 9875033286 
100 1 |a Darío, Rubén. 
700 1 |a Viola, Liliana; pról. 
700 1 |a Rep; il. 
653 |a Literatura nicaragüense 
653 |a Cuento nicaragüense 
859 |a CEMS  |b BIB. CEMS - Inicial y Primaria  |h N868.3  |i D248  |k IP  |p 6050  |t Ej.1